Detalles MARC
| 000 -CABECERA |
| campo de control de longitud fija |
04599nam a2200385 a 4500 |
| 001 - NÚMERO DE CONTROL |
| campo de control |
000000372 |
| 003 - IDENTIFICADOR DEL NÚMERO DE CONTROL |
| campo de control |
DO-SdBPM |
| 005 - FECHA Y HORA DE LA ÚLTIMA TRANSACCIÓN |
| campo de control |
20260220122744.0 |
| 007 - CAMPO FIJO DE DESCRIPCIÓN FÍSICA--INFORMACIÓN GENERAL |
| campo de control de longitud fija |
ta |
| 008 - DATOS DE LONGITUD FIJA--INFORMACIÓN GENERAL |
| campo de control de longitud fija |
081028s2007 dr ad 001 0 spa d |
| 020 ## - NÚMERO INTERNACIONAL ESTÁNDAR DEL LIBRO |
| Número Internacional Estándar del Libro |
9789993427117 |
| 020 ## - NÚMERO INTERNACIONAL ESTÁNDAR DEL LIBRO |
| Número Internacional Estándar del Libro |
999342711X |
| 040 ## - FUENTE DE LA CATALOGACIÓN |
| Centro catalogador/agencia de origen |
DO-SdBPM |
| Lengua de catalogación |
spa |
| Centro/agencia transcriptor |
BPMSU |
| Normas de descripción |
rda |
| 082 04 - NÚMERO DE LA CLASIFICACIÓN DECIMAL DEWEY |
| Número de clasificación |
972.93054 |
| Número de documento/Ítem |
R696m 2007 |
| Número de edición |
22 |
| 100 1# - ENTRADA PRINCIPAL--NOMBRE DE PERSONA |
| Nombre de persona |
Rodríguez Demorizi, Emilio, |
| Fechas asociadas al nombre |
1908-1986 |
| Término indicativo de función/relación |
autor |
| Código de función/relación |
aut. |
| 245 10 - MENCIÓN DE TÍTULO |
| Título |
Más papeles de Ramfis Trujillo : |
| Resto del título |
sucesos de 1962 / |
| Mención de responsabilidad, etc. |
Emilio Rodríguez Demorizi ; editor Bernardo Vega ; prólogo Clara Rodríguez Demorizi. |
| 264 ## - PRODUCCIÓN, PUBLICACIÓN, DISTRIBUCIÓN, FABRICACIÓN Y COPYRIGHT |
| Producción, publicación, distribución, fabricación y copyright |
Santo Domingo : |
| Nombre del de productor, editor, distribuidor, fabricante |
Fundación Rodríguez Demoriz ; |
| -- |
Fundación Cultural Dominicana, |
| Fecha de producción, publicación, distribución, fabricación o copyright |
2007 |
| 300 ## - DESCRIPCIÓN FÍSICA |
| Extensión |
159 páginas : |
| Otras características físicas |
ilustraciones, retratos. ; |
| Dimensiones |
23 cm. |
| 336 ## - TIPO DE CONTENIDO |
| Término de tipo de contenido |
texto |
| Código de tipo de contenido |
txt |
| Fuente |
rdacontent |
| 337 ## - TIPO DE MEDIO |
| Nombre/término del tipo de medio |
sin mediación |
| Código del tipo de medio |
n |
| Fuente |
rdamedia |
| 338 ## - TIPO DE SOPORTE |
| Nombre/término del tipo de soporte |
volumen |
| Código del tipo de soporte |
nc |
| Fuente |
rdacarrier |
| 500 ## - NOTA GENERAL |
| Nota general |
Incluye referencias bibliográficas y notas al pie de las páginas |
| 500 ## - NOTA GENERAL |
| Nota general |
Incluye índice onomástico |
| 500 ## - NOTA GENERAL |
| Nota general |
Incluye datos biográficos del autor y del editor en las solapas de la cubierta |
| 505 2# - NOTA DE CONTENIDO CON FORMATO |
| Título |
Prólogo / |
| Mención de responsabilidad |
Clara Rodríguez Demorizi -- |
| Título |
Introducción / |
| Mención de responsabilidad |
Bernardo Vega -- |
| Título |
Una demaciado breve misión diplomática -- |
| -- |
Cincuenta y tres días -- |
| -- |
Opiniones de Luis Amiama, de Ramfis Trujillo y del Lic. Temístocles Messina sobre el papel de Emilio Rodríguez Demorizi en la liberación de varias personas apresadas con motivo de la muerte de Trujillo -- |
| -- |
La muerte de Trujillo según sus autores -- |
| -- |
Antecedentes -- |
| -- |
Declaraciones de los héroes del 30 de mayo dadas el 18 de noviembre de 1961 comparadas con las ofrecidas bajo tortura a principios de junio de ese año -- |
| -- |
Modesto E. Díaz Quezada -- |
| -- |
Roberto Pastoriza Neret -- |
| -- |
Pedro Livio Cedeño -- |
| -- |
Luis Salvador Estrella Sadhalá -- |
| -- |
Huáscar Tejeda -- |
| -- |
Luis Manuel ( Tunti ) Cáceres Michel -- |
| -- |
Las armas utilizadas en la muerte de Trujillo, por Bernardo Vega -- |
| -- |
Certificado médico del Dr. Francisco González Cruz, E. N. -- |
| -- |
Declaraciones de Antonio Imbert a Francisco ( Pancho ) Aguirre, en abril de 1964 -- |
| -- |
Las dos declaraciones del chofer de Trujillo-- Notas a manos de Rodríguez Demorizi -- |
| -- |
Carta de Tomás Báez Díaz a Homero Hernández, de agosto de 1981 -- |
| -- |
Declaración de Horacio Frías, ex jefe de la Penitenciaría Nacional de La Victoria -- |
| -- |
Entrevista hecha a Ramfis por el periodista cubano José Suárez Núñez, en enero de 1966, en la revista venezolana Elite -- La carta de Ramfis a José Suárez Núñez -- |
| -- |
Dos opiniones personales de Rodríguez Demorizi -- |
| -- |
Amiama Tió involucra a Rafael Vidal en el complot -- |
| -- |
Opinión de Ramfis Trujillo sobre los que mataron a su padre -- |
| -- |
El papel de José René ( Pupo ) Román Fernández en el complot -- |
| -- |
Notas tomadas por Rodríguez Demorizi sobre una conversación con Ramfis en febrero de 1966 -- |
| -- |
Carta pública de los hijos de Román Fernández-- |
| -- |
Reacción pública de Ramfis a la declaración de los hijos de Román Fernández -- |
| -- |
Redacción pública de Ramfis a la declaración de los hijos de Román . |
| 505 2# - NOTA DE CONTENIDO CON FORMATO |
| Título |
Carta de Octavio ("Tavito") Balcácel -- |
| -- |
Carta de Fernando A. ("Tunti") Sánchez Otero a Ramfis, sobre "Pupo" Román -- |
| -- |
Opinión de Horacio Frías, ex jefe del penal de La Victoria, sobre "Pupo" Román -- |
| -- |
Las negociaciones políticas de Ramfis Trujillo con los norteamericanos, Junio-Noviembre de 1961 -- |
| -- |
Antecedentes -- |
| -- |
Memorándum de Ramfis crítico de Balaguer -- |
| -- |
Memorándum de Charles MacLaughlin sobre su reunión con Robert Murphy, el 7 de agosto de 1961 -- |
| -- |
Lo negociado con McGhee y las exigencias de la OEA -- |
| -- |
Las memorias de McGhee -- |
| -- |
Carta de J. Arismendy ("Petán") Trujillo, de 1962 -- |
| -- |
Otros asuntos -- |
| -- |
Las 44 preguntas hechas por Rodríguez Demorizi a Ramfis -- |
| -- |
Santiago Rey y el enterramiento de Trujillo en París -- |
| -- |
Opinión de Ramfis Trujillo sobre Anselmo Paulino Álvarez -- |
| -- |
Opinión de Ramfis Trujillo sobre Mayobanex Vargas -- |
| -- |
Opinión del coronel Miguel Ángel Hernando Ramírez sobre Trujillo, José rené Román, Luis Amiama Tió y Antonio Imbert y reacción de Ramfis Trujillo a esos comentarios -- |
| -- |
Fuentes de los documentos -- |
| -- |
Bibliografía -- |
| -- |
Índice onomástico. |
| 590 ## - NOTA LOCAL (RLIN) |
| Nota local |
Inventariado, 2026/VM |
| 600 17 - PUNTO DE ACCESO ADICIONAL DE MATERIA--NOMBRE DE PERSONA |
| Nombre de persona |
Trujillo Martínez, Rafael Leónidas |
| Títulos y otros términos asociados al nombre |
(Ramfis) |
| Fechas asociadas al nombre |
1929-1969 |
| Subdivisión de forma |
Correspondencias, memorias, etc. |
| 600 17 - PUNTO DE ACCESO ADICIONAL DE MATERIA--NOMBRE DE PERSONA |
| Nombre de persona |
Trujillo Molina, Rafael Leónidas, |
| Fechas asociadas al nombre |
1891-1961 |
| 650 z# - PUNTO DE ACCESO ADICIONAL DE MATERIA--TÉRMINO DE MATERIA |
| Subdivisión general |
|
| 651 #7 - PUNTO DE ACCESO ADICIONAL DE MATERIA--NOMBRE GEOGRÁFICO |
| Nombre geográfico |
República Dominicana |
| Subdivisión general |
Historia |
| Subdivisión cronológica |
1961- |
| Subdivisión de forma |
Fuentes |
| 651 ## - PUNTO DE ACCESO ADICIONAL DE MATERIA--NOMBRE GEOGRÁFICO |
| Nombre geográfico |
República Dominicana |
| Subdivisión general |
Política y gobierno |
| 910 ## - DATOS DE OPCIÓN DEL USUARIO (OCLC) |
| Datos de opción del usuario |
VMateo V. Control de calidad BPMSU |
| 942 ## - ELEMENTOS DE PUNTO DE ACCESO ADICIONAL (KOHA) |
| Fuente del sistema de clasificación o colocación |
Dewey Decimal Classification |
| Tipo de ítem Koha |
Libros |